00539nam a22001697a 4500003001100000005001700011008004100028040003900069041000800108082000800116100001500124245006300139260006100202942000700263952008400270999001500354LK-CoMWRAF20240701183227.0240701b1995 |||||||| |||| 00| 0 eng d aLK-CoMWRAFdLK-CoMWRAFeLK-CoMWRAF aeng bGHA aGhai, Yash adecentralisation and the accommodation of ethnic diversity aColombo:bInternational Centre for Ethnic Studies,c1995 cBK 00104070aMAINbMAINd2024-07-01l0oGHApRAF5354r2024-07-01w2024-07-01yBK c4966d4966